000 00834nam a22002657a 4500
001 BR8800287
003 BR-BrBNA
005 20230928092825.0
007 ta
008 230509b bl.||||| |||| 00| 0 por d
040 _aBR-BrBNA
_bpor
_cBiblioteca Nacional de Agricultura
041 _a(Por)
072 _aU10
090 _ U10 BR8800287
100 1 _aSandoval, L.A.H.
110 1 _aEscola Superior de Agricultura Luiz de Queiroz, Piracicaba, SP (Brasil)
_0Tese (Doutor em Agronomia)
245 1 _aAnalise de tabelas de contigencia tridimensionais: uso da informacao minima de discriminacao
260 3 _aPiracicaba, SP (Brasil):
_c1987.
300 _a175 p.
500 _a45 ref.; Summaries (Eng, Por)
650 _aANALISE ESTATISTICA
650 _aESTATISTICA
909 _a202309
_bLucia
_c55
_dLucia Elande
942 _cBK
999 _c41403
_d41403